000 00301nam a2200121Ia 4500
008 191201s2013 xx 000 0 und d
100 _aPRASAD, K.D.
245 0 _aAntenna and Wave Propagation
260 _aN. delhi
_bSatya Prakashan
_c2013
300 _a1282
650 _aB.Tech(ECE)
942 _2ddc
_cBK
999 _c6342
_d6342